Poly- Vocabulary Words - Statistics

General Stats
  • This quiz has been taken 124 times
  • The average score is 7 of 16
Answer Stats
clue poly- % Correct
square, dodecagon, etc polygon
94%
shirt material polyester
93%
group marriage polygamy
90%
belief in multiple gods polytheism
64%
multi-lingual polyglot
47%
plastics and rubber are made of these polymer
43%
very light material used for protective packaging polystyrene
36%
plastic used for drink bottles polythene
35%
what an anemone is polyp
34%
"healthy" fat polyunsaturated
31%
very clever person who knows many things polymath
25%
hard, durable varnish polyurethane
25%
ax2+ bx + c, for example polynomial
24%
specific form of above, where women have multiple husbands polyandry
22%
this and that aren't, somnambulation and volcanic are polysyllabic
19%
primrose-like flower polyanthus
9%
No matching quizzes found
Score Distribution
Percent of People with Each Score
Percentile by Number Answered
Your Score History
You have not taken this quiz